000
00279nam a2200109Ia 4500
008
220204s9999 xx 000 0 und d
082
_a
631/635
_b
ADV.65
245
0
_a
Advances in agronomy. V 65.
260
_a
San Diego
_b
Academic Press
_c
1999
650
_a
Fertigation
942
_c
BK
999
_c
41568
_d
41568